Mechanical Engineering Courses - Sudden Death - Statistics

General Stats
  • This quiz has been taken 6 times
  • The average score is 5 of 9
Answers on the Grid
Answers color-coded by a green-red scale on the quiz's grid according to % correct below.
Calculus
Signals and Systems
Fluid Mechanics
Organic Chemistry
Physics
Inorganic Chemistry
Thermodynamics
Electrodynamics
Physical Chemistry
Transport Phenomena
Statics/Dynamics
Measurement
Quantum Mechanics
Analog Electronics
Computer Architecture
Physiology
Discrete Systems
Materials Science
Petrology
Earth Surface Dynamics
Control Systems
Machine design
Program Design
Operating Systems
Orbital Mechanics
 
Answer Stats
Answer % Correct
Calculus
100%
Thermodynamics
100%
Fluid Mechanics
75%
Control Systems
50%
Physics
50%
Statics/Dynamics
50%
Machine design
25%
Materials Science
25%
Measurement
0%
No matching quizzes found
Score Distribution
Percent of People with Each Score
Percentile by Number Answered
Your Score History
You have not taken this quiz